| 000 | 01094cam a2200361 4500 | ||
|---|---|---|---|
| 001 | 28004 | ||
| 003 | DO-SdBNP | ||
| 005 | 20171121113612.0 | ||
| 007 | 28004 | ||
| 008 | 090212s2009 ck | ||g| 000 0 spe spa | ||
| 015 | _a | ||
| 017 |
_a _b |
||
| 020 | _a9789587048094 | ||
| 035 | _a | ||
| 040 |
_aBPMSU _bspa _cBPMSU _e |
||
| 080 | _a | ||
| 082 | 4 |
_aPe864.44 _bV297v |
|
| 100 | 1 |
_aVargas Llosa, Mario, _d1936- |
|
| 245 | 1 | 3 |
_aEl viaje a la ficción : _b el mundo de Juan Carlos Onetti / _cMario Vargas Llosa _h |
| 246 | 0 | _i El mundo de Juan Carlos Onetti | |
| 260 |
_aBogotá : _bAlfaguara, _c2009 |
||
| 300 |
_a248 p.; _c24 cm |
||
| 500 | _a | ||
| 504 | _aIncluye referencias bibliográficas e índices. | ||
| 586 | _aPremio Nobel de Literatura 2010 | ||
| 600 | 1 | 4 |
_aONETTI, JUAN CARLOS _d1909-1994 _xCRÍTICA E INTERPRETACIÓN _2 |
| 650 | 4 | _aENSAYOS PERUANOS | |
| 650 | 4 | _aLITERATURA PERUANA | |
| 650 | 4 |
_aLITERATURA URUGUAYA _bHISTORIA Y CRÍTICA |
|
| 942 |
_2ddc _cBK |
||
| 945 | _aInventariado extranjero / 2017 VM | ||
| 956 |
_a VMATEO _b10 _c20160805 _dBPMSU _f0069 |
||
| 999 |
_c11094 _d11094 |
||